banner-ar

الشيخ محمد عبده 1849 - 1905م مفكرا عربيا ورائدا للاصلاح الدينى والاجتماعى : (Record no. 50104)

MARC details
000 -الفاتح
حقل البيانات ثابتة الطول 01185nam a2200253Ia 4500
005 - وقت وتاريخ اخر تعامل مع التسجيلة
رقم الضبط 20240530104721.0
008 - عناصر البيانات ثابتة الطول - معلومات عامة
حقل البيانات ثابتة الطول 140319s1997 ua 000 0 ara d
020 ## - الرقم الدولى المعيارى للكتب
الرقم الدولى المعيارى للكتاب 949623597
040 ## - مصدر الفهرسة
وكالة الفهرسة الأصلية GCL /
وكالة النسخ GCL
082 04 - رقم تصنيف ديوى العشرى
رقم التصنيف 922.1/
رقم المادة م ش
100 ## - المدخل الرئيسى - إسم شخصى
الإسم الشخصى عاطف العراقى
110 1# - المدخل الرئيسى - إسم هيئة
اسم الهيئة أو اسم السلطة كمدخل المجلس الاعلى للثقافة :
وحده ملحقة لجنة الفلسفة والاجتماع
245 12 - بيان العنوان
العنوان الشيخ محمد عبده 1849 - 1905م مفكرا عربيا ورائدا للاصلاح الدينى والاجتماعى :
بقية العنوان بحوث ودراسات عن حياته وافكاره /
بيان المسئوليه,etc المجلس الاعلى للثقافة لجنة الفلسفة والاجتماع ؛ اشراف وتصدير عاطف العراقى
250 ## - بيان الطبعة
بيان الطبعة ط2
260 ## - PUBLICATION, DISTRIBUTION, ETC. (IMPRINT)
تاريخ النشر أو التوزيع 1997.
300 ## - الوصف المادى
التعداد 426 ص ؛
أبعاد الوعاء 24 سم
490 ## - بيان السلسلة
عنوان السلسلة المجلس الاعلى للثقافة : لجنة الفلسفة والاجتماع
رقم المجلد/ التعيين التسلسلي 0
650 04 - المدخل الاضافى بالموضوع-مصطلح موضوعى
مصطلح موضوعي الفلسفة الاسلامية
650 04 - المدخل الاضافى بالموضوع-مصطلح موضوعى
مصطلح موضوعي الفلسفة
650 04 - المدخل الاضافى بالموضوع-مصطلح موضوعى
مصطلح موضوعي محمد عبده (الامام)
700 0# - المدخل الاضافى - اسم شخصى
الإسم الشخصى عاطف العراقى
الدور مشرف ومصدر
942 ## - عناصر المدخل الإضافي( كوها)
مصدر التصنيف او مخطط الترفيف Dewey Decimal Classification
Koha [default] item type كتاب
260 ## - PUBLICATION, DISTRIBUTION, ETC. (IMPRINT)
-- القاهرة :
-- المجلس الاعلى للثقافة ،
Holdings
حالة التراجع حالة الفقد مصدر التصنيف او خطة الترفيف حالة تلف ليس للاعارة المكان المؤقت الموقع الحالى تاريخ الاكتساب اجمالي اﻻعارات رقم الطلب الباركود تاريخ اخر مشاهدة تاريخ تفعيل السعر نوع وعاء كوها
    ddc     مكتبة القاهرة الكبرى مكتبة القاهرة الكبرى 03/26/2014   922.1\م ش 120137 03/26/2014 03/26/2014 كتاب
    ddc     مكتبة القاهرة الكبرى مكتبة القاهرة الكبرى 03/26/2014   922.1\م ش 120138 03/26/2014 03/26/2014 كتاب
    ddc     مكتبة القاهرة الكبرى مكتبة القاهرة الكبرى 03/26/2014   922.1\م ش 120139 03/26/2014 03/26/2014 كتاب
    ddc     مكتبة القاهرة الكبرى مكتبة القاهرة الكبرى 03/26/2014   922.1\م ش 120140 03/26/2014 03/26/2014 كتاب
    ddc     مكتبة القاهرة الكبرى مكتبة القاهرة الكبرى 03/26/2014   922.1\م ش 120141 03/26/2014 03/26/2014 كتاب
    ddc     مكتبة القاهرة الكبرى مكتبة القاهرة الكبرى 03/26/2014   922.1\م ش 120142 03/26/2014 03/26/2014 كتاب
    ddc     مكتبة القاهرة الكبرى مكتبة القاهرة الكبرى 03/26/2014   922.1\م ش 120143 03/26/2014 03/26/2014 كتاب

Powered By

EGPV